| 000 | 00660nam a2200181 i 4500 | ||
|---|---|---|---|
| 001 | 147871 | ||
| 003 | ES-MaACL | ||
| 005 | 20230906202310.0 | ||
| 007 | t| | ||
| 008 | 071008s1926 xxu ||||1| eng d | ||
| 245 | 0 | 4 |
_aThe University of Missouri _b: Studies a quarterly of research. |
| 260 |
_aMissouri : _bUniversity, _c1926. |
||
| 300 |
_a42 p. ; _c26 cm. |
||
| 505 | 8 | _aContiene: The transformation of the Euler condition in the calculus of variations / by Lee Horace McFarlan.-- On extension of The theory of envelopes / F. Omer Duncan | |
| 700 | 1 |
_aMcFarlan, Lee Horace. _979559 |
|
| 700 | 1 |
_aDuncan, F. Omer. _946029 |
|
| 852 |
_aES-MaACL _j1754-F-14 |
||
| 999 |
_c147871 _d147871 |
||